Представление документа в формате MARC21

ПолеНазваниеЗначение
  Тип записи a
  Библиографический уровень m
001 Контрольный номер RU\infra-m\znanium\bibl\2213298
005 Дата корректировки 20260429142349.2
008 Кодируемые данные 260309s2026 RU g rus u
020 Индекс ISBN __
a ISBN 978-5-16-021954-7
020 Индекс ISBN __
a ISBN 978-5-16-106333-0 (электр. издание)
040 Источник каталогиз. __
a Служба первич. каталог. Общество с ограниченной ответственностью «ЗНАНИУМ»
041 Код языка издания __
a Код языка текста rus
044 Код страны публикации __
a Код страны публикации RU
080 Индекс УДК __
a Индекс УДК 629.3.082(075.32)
084 Индекс другой классификации/Индекс ББК __
2 Источник индекса rubbk
a Индекс другой классификации/Индекс ББК 30.82я723
084 Индекс другой классификации/Индекс ББК __
2 Источник индекса okso
a Индекс другой классификации/Индекс ББК 23.01.03
084 Индекс другой классификации/Индекс ББК __
2 Источник индекса okso
a Индекс другой классификации/Индекс ББК 23.01.17
084 Индекс другой классификации/Индекс ББК __
2 Источник индекса okso
a Индекс другой классификации/Индекс ББК 23.02.02
084 Индекс другой классификации/Индекс ББК __
2 Источник индекса okso
a Индекс другой классификации/Индекс ББК 23.02.03
084 Индекс другой классификации/Индекс ББК __
2 Источник индекса okso
a Индекс другой классификации/Индекс ББК 23.02.07
100 Автор __
a Автор Туревский И.С.
q Полное имя Туревский Илья Семенович
u Дополнение Автомобильный, правовой техникум Воронежской области
245 Заглавие __
a Заглавие Техническое обслуживание автомобилей зарубежного производства
b Продолж. заглавия Учебное пособие
c Ответственность Автомобильный, правовой техникум Воронежской области
250 Сведения об издании __
a Основные сведения об издании 1
260 Выходные данные __
a Место издания Москва
b Издательство ООО "Научно-издательский центр ИНФРА-М"
c Дата издания 2026
300 Физическое описание __
a Объем 208 с.
440 Серия __
a Серия Среднее профессиональное образование
520 Аннотация __
a Аннотация В книге рассмотрены вопросы технического обслуживания и ремонта автомобилей зарубежного производства организации предприятий автосервиса. Приведены сведения о необходимом оборудовании и инструменте при обслуживании автомобилей зарубежного производства. Учебное пособие предназначено для студентов техникумов и колледжей и написано в соответствии с Федеральным государственным образовательным стандартом среднего профессионального образования последнего поколения по специальности 23.02.03 «Техническое обслуживание и ремонт автомобильного транспорта» (повышенный уровень) а также может быть рекомендовано для учебных учреждений по подготовке технического персонала станций технического обслуживания автомобилей.
521 Примеч. о цел. назн. __
a Примеч. о целев. назн. Среднее профессиональное образование
650 Тематические рубрики __
a Основная рубрика Транспорт
x Основная подрубрика Автомобилестроение и авторемонт
655 Указ. предметных рубрик (устаревшее) __
a Жанр/ форма (устаревшее) Учебное пособие
856 Электронный адрес документа 4_
a Имя сервера/домена znanium.ru
m Помощь ebs_support@infra-m.ru
n Местонахождение сервера НИЦ ИНФРА-М
u URL https://znanium.ru/catalog/document?id=478712
856 Электронный адрес документа 48
a Имя сервера/домена znanium.ru
d Путь /cover/2213
f Электронное имя 2213298.jpg
q Тип электронного формата image/jpeg
u URL https://znanium.ru/cover/2213/2213298.jpg
911 __
u 0030=https://znanium.ru/catalog/document?id=478712